Enzymes, their nature and role

Saved in:
Bibliografiske detaljer
Main Authors: Wiseman, A (Author), Gould, B. J (Author)
Format: Bog
Sprog:engelsk
Udgivet: Londres Hutchinson Educational 1971
Serier:Hutchinson Biological Monographs
Fag:
Tags: Tilføj Tag
Ingen Tags, Vær først til at tagge denne postø!

MARC

LEADER 00000nam a2200000 a 4500
001 UCR5323
003 CL-VaPUC
008 980327e19710000UK |||||||||||||||||eng|d
082 0 4 |a 572.7  |b WIS  |2 21 
100 0 |a Wiseman, A  |e author  |9 406095 
700 0 |a Gould, B. J  |e author  |9 406096 
245 1 0 |a Enzymes, their nature and role 
300 |a 117 p 
942 |c BK 
945 |d 19980327 00:00:00  |a crobeson 
260 |a Londres  |b Hutchinson Educational  |c 1971 
650 7 |a ENZIMOLOGIA  |2 CL-VaPUC  |9 263051 
650 0 |a Enzimas  |9 262984 
650 0 |a Bioquímica   |9 259492 
650 7 |a FENOMENOS BIOQUIMICOS  |2 CL-VaPUC  |9 360969 
650 0 |a Catálisis  |9 259915 
650 7 |a BIOSINTESIS  |2 CL-VaPUC  |9 269567 
583 |a last modification  |c 19980327 00:00:00  |k Rodrigo Vera 
490 0 |a Hutchinson Biological Monographs 
999 |c 267938  |d 267936 
952 |0 0  |1 0  |4 0  |6 572_700000000000000_WIS_1971  |7 0  |8 A  |9 300774  |a BIBALI  |b BIBALI  |c GEN  |d 2019-11-20  |i 1973150  |o 572.7 WIS 1971  |p 1973150  |r 2025-01-20  |w 2019-11-20  |y BK  |k ALI